<?xml version="1.0" encoding="UTF-8"?>
<collection xmlns="http://www.loc.gov/MARC21/slim">
 <record>
  <leader>00489nam a22001575a 4500</leader>
  <controlfield tag="001">EHU.bham013117</controlfield>
  <controlfield tag="003">AR-BHAM</controlfield>
  <controlfield tag="005">20100226160630.0</controlfield>
  <controlfield tag="008">130507s1896##################000#0#####d</controlfield>
  <datafield tag="082" ind1="9" ind2="7">
   <subfield code="a">972.9105</subfield>
  </datafield>
  <datafield tag="100" ind1="1" ind2=" ">
   <subfield code="a">Nimal, H. De</subfield>
  </datafield>
  <datafield tag="245" ind1="1" ind2="0">
   <subfield code="a">Les etats-unis, cuba et le droit des gens /</subfield>
   <subfield code="c">H. De Nimal</subfield>
  </datafield>
  <datafield tag="260" ind1=" " ind2=" ">
   <subfield code="a">Charleroi :</subfield>
   <subfield code="b">Imp. F. Henry-quinet,</subfield>
   <subfield code="c">1896</subfield>
  </datafield>
  <datafield tag="300" ind1=" " ind2=" ">
   <subfield code="a">34 p.</subfield>
  </datafield>
  <datafield tag="653" ind1=" " ind2=" ">
   <subfield code="a">Historia de cuba-1810-1898</subfield>
  </datafield>
  <datafield tag="859" ind1=" " ind2=" ">
   <subfield code="a">AR-BHAM</subfield>
   <subfield code="b">BIB. HUMANIDADES - General</subfield>
   <subfield code="h">972.9105</subfield>
   <subfield code="i">N612-1</subfield>
   <subfield code="p">1836.62</subfield>
   <subfield code="t">Ej.1</subfield>
  </datafield>
 </record>
</collection>
